000 00725nam a2200241Ia 4500
003 OSt
005 20220925211407.0
006 a|||||r|||| 00| 0
007 ta
008 220923b |||||||| |||| 00| 0 eng d
020 _a0 19 577815 4
037 _cGeneral Book
040 _aRTL
_cRTL
_beng
041 _2eng
_aeng
082 _aV2:51y7M89:g, N8
100 _aHameed Syeda Saiyidain
_9274510
245 0 _aIslamic seal on India's independence
_b Abul Kalam Azad
260 _aKarachi
_bOxford
_c1998
300 _axxiii,303p. Bib p. 291-96
_ccm.
650 _aStruggle for Independence
942 _hV2:51y7M89:g, N8
_cGB
_2CC
999 _c557501
_d557501